| 000 | 01162nam a22002897a 4500 | ||
|---|---|---|---|
| 001 | 2902 | ||
| 003 | FISKH | ||
| 005 | 20250828151713.0 | ||
| 008 | 240122b cb ||||| |||| 00| 0 eng d | ||
| 020 | _a9780439799096 | ||
| 040 |
_aFISKH _beng _cFISKH _dFISKh |
||
| 050 | _aSB363.F38 | ||
| 082 | _a634.11 | ||
| 100 | _aFaulkner, Megan & Krawesky, Adam | ||
| 245 |
_aa day at the apple orchard / _cby Faulkner, Megan & Krawesky, Adam |
||
| 250 | _aFirst Scholastic printing , September 2005 | ||
| 260 |
_aNew York : _bScholastic, _c2005 |
||
| 300 |
_a21 pages : _bcolor illustrations ; _c21 cm . |
||
| 505 | _aK | ||
| 520 | _aIt's fall, and the days are getting cooler. As the leaves begin to change color, the apple trees are heavy with fruit and ready for the harvest. It's time to go apple picking! Join us on a visit to the apple orchard to learn all about apples: how they grow, the best way to pick them, and how to make delicious apple cider. | ||
| 521 | 8 |
_a530
_bLexile |
|
| 521 | 8 |
_aK
_bRaz-Plus |
|
| 600 |
_2plants _vscience |
||
| 610 |
_2apples _vnon-fiction |
||
| 700 |
_a Krawesky, Adam _ephotographer |
||
| 942 |
_2ddc _cBK _n0 |
||
| 999 |
_c2902 _d2902 |
||